000
00184 a2200097 4500
020
_a
9780394815961
041
_a
spa
100
_a
Anonimo
245
_a
Are you my mother
942
_c
BK
999
_c
16362
_d
16362